000 00666nam a2200277Ia 4500
005 20260324134228.0
008 008 260324s9999 xx 000 0 eng d
020 _a9781315499697
037 _aEBOOK
040 _aCRL
040 _beng
040 _cCRL
041 _2eng
041 _aeng
084 _qCRL
100 _aChristopher A. Anzalone
_91195979
245 0 _aU.S. Supreme Court Cases on Gender and Sexual Equality
260 _bTaylor and Francis
260 _c2002
365 _a
365 _b230
856 _uhttp://www.taylorfrancis.com/books/9781315499697
942 _cEBOOK
999 _c1795890
_d1795890